01623nam a22001697a 4500003000900000005001700009008004100026040001300067100005000080245015800130250000800288260007500296300002000371490002000391500023900411520080300650IT-RoPau20220918175936.0121212b xxu||||| |||| 00| 0 eng d cIT-RoPau aAlberione GiacomoqFondatore Famiglia Paolina aAbundantes divitiae gratiae suae.bStoria carismatica della Famiglia Paolina. Terza edizione con note illustrative a cura del sac. Giuseppe Barbèro ssp aIII aRomabCasa Generalizia Società San Paolo in Via della Fanella c1975 a144 p.c18,5 cm aOpera Omnia vI aIn occasione del quarentesimo anniversario della fondazione della Pia Società San Paolo, festeggiato nell'anno 1954 e in base a delle rivelazioni fatte da Don Alberione si decise di fare degli appunti che qui vengono ora pubblicati. aINDICE GENERALE Presentazione <> Momenti di maggior grazia La missione particolare Dall' organizzazione alla vita comune-religiosa La Famiglia Paolina Giovinezza Predilezione divina La condotta di Dio La romanità Spirito sociale Universalità Lo spirito liturgico Tre chiese principali Catechismo Spirito pastorale Sale...luce...città... Spirito paolino Primi preparativi ...A Roma Espansività Il dono e la ricchezza dei Cooperatori Il lavoro Provvidenza Vangelo Sviluppo personalità <> La divina assistenza Profondità spirituale Le devozioni Cose da realizzare Ringraziamento al Signore Appendice Commiato Indice alfabetico (Argomenti - Luoghi - Persone) Indice delle citazioni bibliche Avvertenza sull' uso delle Fonti Indice generale